| 000 | 00831nam a2200229 a 4500 | ||
|---|---|---|---|
| 005 | 20220523122149.0 | ||
| 008 | 991125s1987 mx a 000 0 spa u | ||
| 020 | _a9681624599 | ||
| 035 | _aUPN01000000582 | ||
| 040 |
_aMX-MxUPN _bspa _cMX-MxUPN |
||
| 050 | 4 |
_aQ111 _bC5 no.20 |
|
| 245 | 0 | 4 |
_aLas actividades espaciales en México : _buna revisión crítica / _cRuth Gall [y otros]. |
| 250 | _aPrimera edición | ||
| 260 |
_aMéxico : _bSecretaría de Educación Pública : _bFondo de Cultura Económica : _bConsejo Nacional de Ciencia y Tecnología, _c1987. |
||
| 300 |
_a219 páginas : _bilustraciones |
||
| 440 | 3 |
_aLa ciencia desde México ; _v20 |
|
| 650 | 2 |
_aAstronáutica _zMéxico _98474 |
|
| 650 | 2 |
_aVuelo espacial _927597 _vModelos matemáticos |
|
| 700 | 1 |
_aGall, Ruth, _eautor |
|
| 905 | _aLibro | ||
| 942 |
_2lcc _cLIBRO |
||
| 999 |
_c582 _d582 |
||